| 000 | 01948nam a2200553 i 4500 | ||
|---|---|---|---|
| 001 | 30731 | ||
| 003 | KOSZ 005 | ||
| 005 | 20240405063052.0 | ||
| 008 | 980702s1994 pl a |100 0 pol | ||
| 015 | _aUWD 1996/15216 | ||
| 020 | _a8386333367 | ||
| 035 | _a991004396709705066 | ||
| 035 | _a(PL-WaBN)b11161929-48omnis_nlop | ||
| 035 | _ab11161929 | ||
| 035 | _a(OCoLC)830123708 | ||
| 035 | _a(PL)b0000001116192 | ||
| 035 | _a(EXLNZ-48OMNIS_NETWORK)9910323561105606 | ||
| 040 |
_aWA N _cWA N _dWA N _dKOSZ 005/HR |
||
| 046 | _k1994 | ||
| 080 | _a338.22(4-191.2-11)"1989/...": | ||
| 080 | _a339.92 | ||
| 080 | _a(06) | ||
| 245 | 0 | 0 |
_aWspółpraca gospodarcza Wschód-Zachód : _bmateriały konferencyjne [Lublin, 22.XII.1994 r.] / _cred. nauk. Ewa Bojar ; Politechnika Lubelska. |
| 260 |
_aLublin : _bPL, _c1994. |
||
| 300 |
_a115 s. : _bmapy, rys., wykr. ; _c24 cm. |
||
| 336 |
_aTekst _btxt _2rdacontent |
||
| 337 |
_aBez urządzenia pośredniczącego _bn _2rdamedia |
||
| 338 |
_aWolumin _bnc _2rdacarrier |
||
| 380 | _aKsiążki | ||
| 388 | _a1901-2000 | ||
| 388 | _a1989-2000 | ||
| 504 | _aBibliogr. przy ref. | ||
| 648 | 7 |
_a1901-2000 _2DBN |
|
| 648 | 7 |
_a1989-2000 _2DBN |
|
| 650 | 7 |
_aGospodarka _2DBN |
|
| 650 | 7 |
_aRegiony przygraniczne _2DBN |
|
| 650 | 7 |
_aSieć komputerowa _2DBN |
|
| 650 | 7 |
_aWspółpraca gospodarcza _2DBN |
|
| 650 | 7 |
_aZastosowanie i wykorzystanie _2DBN |
|
| 651 | 7 |
_aEuropa Środkowo-Wschodnia _2DBN |
|
| 655 | 7 |
_aMateriały konferencyjne _2DBN |
|
| 658 | _aGospodarka, ekonomia, finanse | ||
| 658 | _aInformatyka i technologie informacyjne | ||
| 700 | 1 |
_aBojar, Ewa _d(1949- ) _eRedakcja |
|
| 710 | 2 | _aPolitechnika Lubelska | |
| 856 |
_uhttp://koha.tu.koszalin.pl/cgi-bin/koha/opac-detail.pl?biblionumber=30731 _yKatalog online BPK |
||
| 942 |
_2UKD _cKS |
||
| 999 |
_c30731 _d30731 |
||